| 000 | 01057cam a2200349 a 4500 | ||
|---|---|---|---|
| 001 | 2426 | ||
| 003 | FISKH | ||
| 005 | 20250213103049.0 | ||
| 008 | 060919s2007 flua j 000 1 eng | ||
| 010 | _a 2006024325 | ||
| 020 | _a9780152024178 | ||
| 020 | _a9780545032681 | ||
| 040 |
_aDLC _cDLC _dDLC _beng |
||
| 042 | _alcac | ||
| 050 | 0 | 0 |
_aPZ7.S65766 _bPe 2007 |
| 082 | 0 | 0 |
_a[Fic] _222 |
| 100 | 1 |
_aSmith, Roland, _d1951- |
|
| 245 | 1 | 0 |
_aPeak / _cRoland Smith. |
| 250 | _aFirst Scholastic paperback printing, October 2008 | ||
| 260 |
_aNew York : _bScholastic, _c2007. |
||
| 300 |
_a246 pages : _c20 cm |
||
| 500 | _aSequel: The edge. | ||
| 505 | _aR | ||
| 520 | _aA fourteen-year-old boy attempts to be the youngest person to reach the top of Mount Everest. | ||
| 521 | 8 |
_a760
_bLexile |
|
| 650 | 1 |
_aMountaineering _vFiction. |
|
| 650 | 1 |
_aSurvival _vFiction. |
|
| 650 | 1 |
_aComing of age _vFiction. |
|
| 651 | 1 |
_aEverest, Mount (China and Nepal) _vFiction. |
|
| 906 |
_a7 _bcbc _corignew _d1 _eecip _f20 _gy-gencatlg |
||
| 942 |
_2ddc _cBK _n0 |
||
| 999 |
_c2426 _d2426 |
||